=LDR 00000nam 2200000 4500 =001 INLIS000000000007704 =005 20130612095648 =008 ************************************* =035 ##$$0010-061300000007704 =082 ##$$a 001.6 =090 ##$$a 001.6, Sur p =100 ##$$a Suryatno, F =245 ##$$a Pengetahuan dasar komputer, F. Suryatno =260 ##$$a 1985 $b Jakarta6bRineka Cipta =300 ##$$a ix, 78 hlm., illus, 20 cm =650 ##$$a Komputer